[Event "2. ODEM U25 2005"]
[Site "Willingen GER"]
[Date "2005.05.17"]
[Round "4"]
[White "Zabarska, Natalia"]
[Black "Nuber, Korbinian"]
[Result "0-1"]
[Termination "normal"]
[Board "9"]
[WhiteElo "1891"]
[BlackElo "2073"]
[PlyCount "82"]
[WhiteFideId "24608009"]
[BlackFideId "24607231"]
[EventCountry "GER"]
[EventRounds "9"]
[EventType "swiss"]
[EventDate "2005.05.15"]

1. e4 Nf6 2. Nc3 d5 3. e5 d4 4. exf6 dxc3 5. bxc3 exf6 6. Nf3 Bd6 7. d4 O-O 8.
Bd3 Re8+ 9. Be3 Bf4 10. O-O Bxe3 11. fxe3 Rxe3 12. Ng5 fxg5 13. Bxh7+ Kf8 14.
Qh5 f6 15. Rae1 Re6 16. Bg6 Ke7 17. Bf7 Rxe1 18. Rxe1+ Kd7 19. Re8 Nc6 20. Qg4+
Kd6 21. Qg3+ Kd7 22. Rxd8+ Nxd8 23. Bg6 c6 24. Qe3 Ne6 25. Bf5 Kd6 26. c4 Bd7
27. c5+ Ke7 28. c4 Kf7 29. Qe4 Rd8 30. Bg6+ Kf8 31. Bf5 Re8 32. Bg6 Re7 33. Qd3
Nf4 34. Qd2 Nxg6 35. d5 Ne5 36. d6 Re8 37. Qe2 Be6 38. Qh5 Bxc4 39. Qh8+ Bg8
40. Qh5 Nd3 41. Kf1 Re1# 0-1

[Event "2. ODEM U25 2005"]
[Site "Willingen GER"]
[Date "2005.05.17"]
[Round "4"]
[White "Belger, Christian"]
[Black "Dahmen, Christoph"]
[Result "0-1"]
[Termination "normal"]
[Board "10"]
[WhiteElo "1822"]
[BlackElo "2050"]
[PlyCount "66"]
[WhiteFideId "24622940"]
[BlackFideId "4692160"]
[EventCountry "GER"]
[EventRounds "9"]
[EventType "swiss"]
[EventDate "2005.05.15"]

1. e4 c5 2. Nf3 Nc6 3. d4 cxd4 4. Nxd4 g6 5. Nc3 Bg7 6. Nb3 Nf6 7. Be2 O-O 8.
O-O a5 9. a4 Nb4 10. f4 d5 11. e5 Qb6+ 12. Kh1 Ne4 13. Nxe4 dxe4 14. Nd4 Rd8
15. Be3 Nd5 16. Bg1 e3 17. Bc4 Qxb2 18. Nb5 Bf5 19. Ra2 Qb4 20. Bxd5 Rxd5 21.
Qxd5 e2 22. Rfa1 e1=Q 23. Rxe1 Qxe1 24. c3 Be6 25. Qd2 Qe4 26. Nc7 Bxa2 27.
Nxa8 Bd5 28. Nb6 Bc6 29. h3 g5 30. Bc5 gxf4 31. Nc4 Qxc4 32. Qd8+ Bf8 33. Bxe7
Qf1+ 0-1

[Event "2. ODEM U25 2005"]
[Site "Willingen GER"]
[Date "2005.05.17"]
[Round "4"]
[White "Roitzsch, Philipp"]
[Black "Bietz, Fabian"]
[Result "0-1"]
[Termination "normal"]
[Board "11"]
[WhiteElo "1830"]
[BlackElo "2028"]
[PlyCount "70"]
[WhiteFideId "24635529"]
[BlackFideId "24625930"]
[EventCountry "GER"]
[EventRounds "9"]
[EventType "swiss"]
[EventDate "2005.05.15"]

1. e4 c5 2. d4 cxd4 3. c3 Nc6 4. cxd4 d5 5. exd5 Qxd5 6. Nf3 Bg4 7. Be2 e6 8.
a3 Nf6 9. Nc3 Qd7 10. O-O Be7 11. Be3 O-O 12. Qb3 Rab8 13. Rfd1 Nd5 14. Bc1 Bf6
15. Ne4 Bxd4 16. Nxd4 Nxd4 17. Rxd4 Bxe2 18. Bf4 Rbc8 19. Bd6 Qc6 20. h3 Rfd8
21. Qg3 Kh8 22. Ng5 Bh5 23. Rh4 Qxd6 24. Qxd6 Rxd6 25. Rxh5 Kg8 26. Rxh7 f6 27.
Ne4 Rb6 28. Rh4 Rxb2 29. Re1 Rcc2 30. Nd6 g5 31. Rd4 Rxf2 32. Rxe6 Rxg2+ 33.
Kf1 Nf4 34. Re8+ Kh7 35. Nc4 Rgf2+ 0-1

[Event "2. ODEM U25 2005"]
[Site "Willingen GER"]
[Date "2005.05.17"]
[Round "4"]
[White "Müer, Sebastian"]
[Black "Sonntag, Hermann"]
[Result "1-0"]
[Termination "normal"]
[Board "12"]
[WhiteElo "1793"]
[BlackElo "2016"]
[PlyCount "67"]
[BlackFideId "4695925"]
[EventCountry "GER"]
[EventRounds "9"]
[EventType "swiss"]
[EventDate "2005.05.15"]

1. Nf3 f5 2. d3 Nf6 3. e4 d6 4. e5 dxe5 5. Nc3 Nc6 6. Be2 e6 7. O-O Bd6 8. Re1
O-O 9. Bf1 Qe8 10. Nb5 a6 11. Nxd6 cxd6 12. b3 b5 13. Bb2 Bb7 14. c4 bxc4 15.
bxc4 Qg6 16. Rb1 Rab8 17. c5 e4 18. dxe4 fxe4 19. Nd4 Nxd4 20. Bxd4 e5 21. Be3
d5 22. Rb6 Qf7 23. Qb3 Ng4 24. Rb1 Nxe3 25. Qxe3 Qc7 26. Qb3 Qxc5 27. Bxa6
Qxf2+ 28. Kh1 Rf7 29. h3 e3 30. Rxb7 Rbxb7 31. Bxb7 Rxb7 32. Qxd5+ Qf7 33. Qxb7
Qxa2 34. Qb3+ 1-0

[Event "2. ODEM U25 2005"]
[Site "Willingen GER"]
[Date "2005.05.17"]
[Round "4"]
[White "Willems, Sebastian"]
[Black "Bigalke, Tobias"]
[Result "0-1"]
[Termination "normal"]
[Board "13"]
[WhiteElo "1786"]
[BlackElo "2009"]
[PlyCount "68"]
[BlackFideId "4698282"]
[EventCountry "GER"]
[EventRounds "9"]
[EventType "swiss"]
[EventDate "2005.05.15"]

1. c4 e6 2. Nc3 Nf6 3. Nf3 c5 4. g3 Nc6 5. Bg2 Be7 6. O-O O-O 7. b3 a6 8. Bb2
Rb8 9. e3 b5 10. d3 Qc7 11. Qe2 Re8 12. Rfd1 d5 13. cxd5 exd5 14. d4 c4 15. Nd2
Be6 16. bxc4 bxc4 17. Rab1 Qa5 18. Nxc4 dxc4 19. Bxc6 Red8 20. Na4 Bf5 21. Bc3
Qc7 22. Rxb8 Rxb8 23. Qxc4 Be4 24. d5 Bf3 25. Rc1 Ba3 26. Re1 Ne4 27. Qd4 Nxc3
28. Nxc3 Rb4 29. Qd3 Bb2 30. Na4 Qc8 31. Nxb2 Rxb2 32. e4 Qg4 33. Qxa6 h6 34.
Qa4 Qh3 0-1

[Event "2. ODEM U25 2005"]
[Site "Willingen GER"]
[Date "2005.05.17"]
[Round "4"]
[White "Dorn, Matthias"]
[Black "Beckmann, Emanuel"]
[Result "0-1"]
[Termination "normal"]
[Board "14"]
[WhiteElo "1728"]
[BlackElo "1964"]
[PlyCount "76"]
[WhiteFideId "24600695"]
[BlackFideId "24608025"]
[EventCountry "GER"]
[EventRounds "9"]
[EventType "swiss"]
[EventDate "2005.05.15"]

1. d4 Nf6 2. c4 g6 3. Nc3 Bg7 4. e4 O-O 5. Be3 c6 6. Be2 d5 7. cxd5 cxd5 8. e5
Ne4 9. Nb1 Qa5+ 10. Nd2 Nc6 11. Ngf3 f6 12. exf6 exf6 13. O-O f5 14. Nb3 Qc7
15. g3 f4 16. Bxf4 Rxf4 17. gxf4 Bh3 18. Ne5 Rf8 19. Bg4 Bxf1 20. Be6+ Kh8 21.
Bxd5 Nxf2 22. Qxf1 Nxe5 23. Qxf2 Nd3 24. Qd2 Nxf4 25. Bg2 Bh6 26. Kh1 Re8 27.
Re1 Rxe1+ 28. Qxe1 Nxg2 29. Qe8+ Kg7 30. Kxg2 Qc2+ 31. Kg3 Qd3+ 32. Kf2 Bg5 33.
Qe5+ Kh6 34. Nc5 Qd2+ 35. Kf3 Qd1+ 36. Kf2 Bh4+ 37. Kg2 Qg4+ 38. Kf1 Qf3+ 0-1

[Event "2. ODEM U25 2005"]
[Site "Willingen GER"]
[Date "2005.05.17"]
[Round "4"]
[White "Zayadeh, Raphael"]
[Black "Kamrla, Robin"]
[Result "1-0"]
[Termination "normal"]
[Board "15"]
[WhiteElo "1928"]
[BlackElo "1465"]
[PlyCount "119"]
[EventCountry "GER"]
[EventRounds "9"]
[EventType "swiss"]
[EventDate "2005.05.15"]

1. d4 Nf6 2. c4 g6 3. Nc3 Bg7 4. Nf3 d6 5. e4 Nbd7 6. Bd3 O-O 7. O-O e5 8. d5
Ne8 9. Qc2 Nc5 10. Ne1 f5 11. f3 f4 12. Rb1 a5 13. b3 g5 14. a3 b6 15. b4 axb4
16. axb4 Nb7 17. g4 Nf6 18. Qb3 Bd7 19. Be2 h5 20. h3 hxg4 21. hxg4 Qe7 22. Nd3
Rfc8 23. Bd2 Kf7 24. Kg2 Rh8 25. Be1 Rab8 26. Bf2 Rhc8 27. Rb2 Be8 28. Ra1 Bf8
29. Ra7 Kg6 30. Qa3 Qd8 31. Ra2 Nd7 32. Qa6 Nbc5 33. bxc5 bxc5 34. Nc1 Nb6 35.
Qa3 Bd7 36. Nb3 Bg7 37. Nb5 Bf6 38. Qc1 Bg7 39. Be1 Qh8 40. Ba5 Bxb5 41. cxb5
Qh4 42. Qe1 Qh7 43. Qh1 Rh8 44. Qxh7+ Rxh7 45. Bxb6 Rbh8 46. Kf2 Rh1 47. Bf1
cxb6 48. Bg2 Rb1 49. Nd2 Rxb5 50. Rd7 Bf8 51. Nc4 Rb4 52. Nxd6 Rh7 53. Rxh7
Kxh7 54. Nf5 c4 55. d6 Bxd6 56. Nxd6 c3 57. Bf1 Rd4 58. Nb5 Rd2+ 59. Rxd2 cxd2
60. Ke2 1-0

[Event "2. ODEM U25 2005"]
[Site "Willingen GER"]
[Date "2005.05.17"]
[Round "4"]
[White "Siebarth, Marco"]
[Black "Durmisi, Valon"]
[Result "1-0"]
[Termination "normal"]
[Board "16"]
[WhiteElo "2011"]
[BlackElo "1373"]
[PlyCount "145"]
[WhiteFideId "24604330"]
[EventCountry "GER"]
[EventRounds "9"]
[EventType "swiss"]
[EventDate "2005.05.15"]

1. e4 e5 2. d4 exd4 3. c3 d5 4. Qxd4 dxe4 5. Qxe4+ Qe7 6. Bd3 Nf6 7. Qe2 Qxe2+
8. Nxe2 g6 9. O-O Bg7 10. Nd4 O-O 11. Nb5 Na6 12. N1a3 c6 13. Nd4 Nc7 14. h3
Rd8 15. Bc4 Ncd5 16. Bg5 h6 17. Bh4 g5 18. Bg3 Ne4 19. Bh2 Nd2 20. Rfd1 Nxc4
21. Nxc4 Nb6 22. Nxb6 axb6 23. Bc7 Rd5 24. Bxb6 Ra6 25. Bc7 Rd7 26. Bg3 Bxd4
27. Rxd4 Rxd4 28. cxd4 f6 29. a3 Ra4 30. Rd1 Rc4 31. d5 Bd7 32. d6 Re4 33. f3
Re6 34. f4 Kf7 35. fxg5 hxg5 36. Bf2 Re5 37. Rc1 Rd5 38. Bc5 Ke6 39. b4 Re5 40.
Rd1 Rd5 41. Ra1 f5 42. a4 Bc8 43. g3 b6 44. Bxb6 Kxd6 45. Re1 Kd7 46. Bc5 Kc7
47. a5 Kd8 48. h4 f4 49. hxg5 Rxg5 50. Be7+ Kc7 51. Bxg5 fxg3 52. Kg2 Kb7 53.
Kxg3 Ka6 54. Kf4 Kb5 55. Be7 Ba6 56. Ke5 Bb7 57. Bc5 Ka6 58. Kd6 Kb5 59. Kc7
Ba6 60. Re8 Kc4 61. Kb6 Bb5 62. a6 Bxa6 63. Kxa6 Kd3 64. Kb6 Kc4 65. Kxc6 Kd3
66. b5 Kc4 67. b6 Kd3 68. Kd5 Kc3 69. Re3+ Kd2 70. Kc4 Kc1 71. b7 Kd1 72. Kc3
Kc1 73. Re1# 1-0

[Event "2. ODEM U25 2005"]
[Site "Willingen GER"]
[Date "2005.05.17"]
[Round "4"]
[White "Lüders, Morten"]
[Black "Röber, Jürgen"]
[Result "1/2-1/2"]
[Termination "normal"]
[Board "17"]
[WhiteElo "1728"]
[BlackElo "2040"]
[PlyCount "82"]
[BlackFideId "4697090"]
[EventCountry "GER"]
[EventRounds "9"]
[EventType "swiss"]
[EventDate "2005.05.15"]

1. e4 c5 2. Nf3 Nc6 3. d4 cxd4 4. Nxd4 g6 5. c4 Bg7 6. Nc2 Nf6 7. Nc3 d6 8. Be2
O-O 9. O-O Bd7 10. Be3 Rc8 11. f3 Be6 12. Na3 a6 13. Qd2 Nd7 14. Nd5 Nc5 15.
Rab1 Ne5 16. Bd4 Bxd5 17. exd5 e6 18. f4 Ned7 19. Bxg7 Kxg7 20. dxe6 Ne4 21.
Qd4+ Ndf6 22. exf7 Qa5 23. Rbd1 Rxf7 24. Bf3 Nc5 25. Bd5 Re7 26. f5 g5 27. Qd2
Qxd2 28. Rxd2 Re5 29. b4 Nxd5 30. bxc5 Ne3 31. Rb1 dxc5 32. Rxb7+ Kf6 33. Rxh7
Kxf5 34. h3 Rc6 35. Rf7+ Kg6 36. Rfd7 g4 37. R7d6+ Rxd6 38. Rxd6+ Kg5 39. hxg4
Nxg4 40. Rd5 Kf4 41. Rxe5 Kxe5 1/2-1/2

[Event "2. ODEM U25 2005"]
[Site "Willingen GER"]
[Date "2005.05.17"]
[Round "4"]
[White "Herzog, Matthias"]
[Black "Eidner, Falk"]
[Result "1/2-1/2"]
[Termination "normal"]
[Board "18"]
[WhiteElo "2035"]
[BlackElo "1729"]
[PlyCount "111"]
[WhiteFideId "4698541"]
[BlackFideId "24634557"]
[EventCountry "GER"]
[EventRounds "9"]
[EventType "swiss"]
[EventDate "2005.05.15"]

1. e4 e5 2. Nf3 Nc6 3. Bb5 a6 4. Ba4 Nf6 5. O-O Be7 6. Re1 b5 7. Bb3 O-O 8. h3
d6 9. c3 Na5 10. Bc2 c5 11. d4 Nc6 12. d5 Nb8 13. Nbd2 Nbd7 14. Nf1 Re8 15. g4
Nb6 16. Ng3 g6 17. Kg2 Bf8 18. g5 Nfd7 19. Nh2 c4 20. Ng4 Bg7 21. h4 Nc5 22.
Rh1 Bxg4 23. Qxg4 Qd7 24. Qd1 a5 25. h5 b4 26. hxg6 fxg6 27. Be3 Nba4 28. Bxa4
Nxa4 29. Qd2 Rab8 30. Rab1 Rb7 31. Rhc1 bxc3 32. bxc3 Reb8 33. Rxb7 Rxb7 34.
Rc2 Qb5 35. Qe2 Nb2 36. Qg4 Qe8 37. Rc1 Nd3 38. Rh1 Bf8 39. Qh3 Nf4+ 40. Bxf4
exf4 41. Ne2 Qxe4+ 42. Qf3 Qxf3+ 43. Kxf3 Rb2 44. Nxf4 Be7 45. Ne6 Rxa2 46. Rb1
Rd2 47. Ke4 Rxf2 48. Rb8+ Kf7 49. Ra8 Rg2 50. Kf4 Rc2 51. Rxa5 Rxc3 52. Ra8 Rc1
53. Rh8 Rh1 54. Rc8 Rh3 55. Rc7 c3 56. Rc8 1/2-1/2

[Event "2. ODEM U25 2005"]
[Site "Willingen GER"]
[Date "2005.05.17"]
[Round "4"]
[White "Mazarov, Jürgen"]
[Black "Albers, Damian"]
[Result "1/2-1/2"]
[Termination "normal"]
[Board "19"]
[WhiteElo "1958"]
[BlackElo "1997"]
[PlyCount "65"]
[WhiteFideId "24617768"]
[BlackFideId "4695186"]
[EventCountry "GER"]
[EventRounds "9"]
[EventType "swiss"]
[EventDate "2005.05.15"]

1. e4 Nc6 2. Nf3 g6 3. d4 Bg7 4. Bc4 d6 5. c3 Nf6 6. Qe2 e5 7. dxe5 Nxe5 8.
Nxe5 dxe5 9. O-O O-O 10. Rd1 Qe7 11. Bg5 Be6 12. Nd2 Rad8 13. Bxe6 Qxe6 14. Nf3
a6 15. c4 Qg4 16. Bxf6 Bxf6 17. Qe3 c6 18. c5 Qe6 19. b3 Rd7 20. Rxd7 Qxd7 21.
Qd2 Rd8 22. Qxd7 Rxd7 23. Kf1 Kf8 24. Ke2 Ke7 25. Rd1 Rxd1 26. Kxd1 Ke6 27. Nd2
Be7 28. b4 a5 29. a3 axb4 30. axb4 Bd8 31. Nc4 Bc7 32. Ke2 f5 33. Kf3 1/2-1/2

[Event "2. ODEM U25 2005"]
[Site "Willingen GER"]
[Date "2005.05.17"]
[Round "4"]
[White "Blaschke, Tobias"]
[Black "Rezai, Yuanne"]
[Result "1-0"]
[Termination "normal"]
[Board "20"]
[WhiteElo "2000"]
[BlackElo "1779"]
[PlyCount "118"]
[WhiteFideId "24614297"]
[EventCountry "GER"]
[EventRounds "9"]
[EventType "swiss"]
[EventDate "2005.05.15"]

1. e4 d5 2. exd5 Nf6 3. c4 c6 4. dxc6 Nxc6 5. Nf3 Bg4 6. Be2 e5 7. d3 Qd7 8.
O-O Bd6 9. Nc3 Rd8 10. a3 Bb8 11. Ne1 Bf5 12. Bg5 Qc7 13. Nd5 Qd6 14. Bxf6 gxf6
15. Bg4 Nd4 16. Bxf5 Nxf5 17. Qf3 Qe6 18. Nc2 Rg8 19. Nce3 Rg5 20. Kh1 Kd7 21.
Ng4 Nh4 22. Ngxf6+ Kc8 23. Qe4 Ng6 24. h4 Rf5 25. h5 Rxf6 26. Nxf6 Qxf6 27.
hxg6 Rd4 28. g7 Qxg7 29. Qf5+ Kd8 30. g3 Qh6+ 31. Kg2 Qc6+ 32. Qf3 Qg6 33. Rfe1
Rxd3 34. Qxd3+ Qxd3 35. Rad1 Qxd1 36. Rxd1+ Ke7 37. Rh1 Bd6 38. Rxh7 Bc5 39.
Kf3 Bd4 40. b3 b6 41. g4 Ke6 42. Rh6+ Ke7 43. Ke4 Bxf2 44. Kxe5 Be3 45. Rh7 Bc1
46. a4 Bb2+ 47. Kd5 Kf6 48. Rh8 Kg5 49. Rg8+ Kf4 50. Kc6 Bd4 51. Kb7 a5 52. g5
Kf5 53. Kc6 Be3 54. Rg7 Ke6 55. Kc7 Ke7 56. g6 Kf6 57. Rxf7+ Kxg6 58. Rf8 Bd4
59. Kc6 Kg7 1-0

[Event "2. ODEM U25 2005"]
[Site "Willingen GER"]
[Date "2005.05.17"]
[Round "4"]
[White "Reiske, Anne"]
[Black "Neidlinger, Markus"]
[Result "0-1"]
[Termination "normal"]
[Board "21"]
[WhiteElo "1719"]
[BlackElo "2110"]
[PlyCount "132"]
[WhiteFideId "24635472"]
[BlackFideId "4697839"]
[EventCountry "GER"]
[EventRounds "9"]
[EventType "swiss"]
[EventDate "2005.05.15"]

1. e4 c5 2. Nf3 g6 3. d4 cxd4 4. Nxd4 Bg7 5. Nc3 Nc6 6. Be3 d6 7. Qd2 Bd7 8.
Be2 Rc8 9. O-O Nf6 10. h3 O-O 11. Bf3 Ne5 12. Be2 a6 13. f4 Nc4 14. Bxc4 Rxc4
15. Qd3 Rc8 16. f5 Qa5 17. Nb3 Qc7 18. Rf2 b5 19. a3 Qc4 20. Qxc4 Rxc4 21. Nd2
Rc7 22. Raf1 Bc6 23. Rf3 b4 24. axb4 Rb8 25. Bg5 Rxb4 26. Bxf6 Bxf6 27. b3 Bb7
28. Nc4 Bxc3 29. Rxc3 Bxe4 30. fxg6 hxg6 31. Rf2 d5 32. Re3 dxc4 33. Rxe4 cxb3
34. Rxb4 bxc2 35. Rxc2 Rxc2 36. Ra4 Rc6 37. Kf2 f5 38. Ra5 Kf7 39. Kf3 Kf6 40.
g4 e5 41. gxf5 gxf5 42. h4 Re6 43. Ra3 e4+ 44. Ke3 Kg6 45. Ra5 Rf6 46. Kf4 Kh5
47. Ra1 a5 48. Rxa5 Kxh4 49. Ra1 Kh3 50. Ra3+ Kg2 51. Ra2+ Kf1 52. Ra3 Rf8 53.
Ra5 Re8 54. Ra3 Kf2 55. Ra2+ Kf1 56. Ra3 Kg2 57. Ra2+ Kh3 58. Re2 e3 59. Kf3
Re4 60. Re1 Kh4 61. Rh1+ Kg5 62. Rg1+ Rg4 63. Re1 f4 64. Ke4 Rg2 65. Kf3 Rf2+
66. Ke4 Kg4 0-1

[Event "2. ODEM U25 2005"]
[Site "Willingen GER"]
[Date "2005.05.17"]
[Round "4"]
[White "Stuhl, Alexander"]
[Black "Dalakian, Haroutioun"]
[Result "1-0"]
[Termination "normal"]
[Board "22"]
[WhiteElo "2071"]
[BlackElo "1746"]
[PlyCount "93"]
[WhiteFideId "24601373"]
[BlackFideId "24632058"]
[EventCountry "GER"]
[EventRounds "9"]
[EventType "swiss"]
[EventDate "2005.05.15"]

1. e4 g6 2. d4 Bg7 3. Nc3 d6 4. f4 c5 5. d5 Qb6 6. Nf3 Nf6 7. Bc4 O-O 8. Qe2
Bg4 9. Bd2 a6 10. O-O Qc7 11. a4 Nbd7 12. h3 Bxf3 13. Qxf3 Nb6 14. Be2 Nbd7 15.
Nd1 e5 16. dxe6 fxe6 17. Bc4 Rae8 18. Nf2 Kh8 19. a5 Qc6 20. Bb3 e5 21. Ba4 Qc7
22. f5 gxf5 23. Qxf5 Re7 24. Qg5 Ref7 25. c4 Nb8 26. Qh4 Nc6 27. Bxc6 bxc6 28.
Nh1 Ne8 29. Ng3 Rxf1+ 30. Rxf1 Rxf1+ 31. Nxf1 Bf6 32. Qh5 Ng7 33. Qf3 Qe7 34.
Bh6 Ne6 35. Ng3 Nd4 36. Qh5 Qe6 37. Kh2 Kg8 38. Be3 Bg7 39. h4 Qf7 40. Qg4 Qc7
41. h5 Kh8 42. h6 Bf8 43. Bg5 Qf7 44. Nh5 Qg6 45. Kg1 Ne6 46. Bf6+ Kg8 47.
Qxe6+ 1-0

[Event "2. ODEM U25 2005"]
[Site "Willingen GER"]
[Date "2005.05.17"]
[Round "4"]
[White "Schneider, Christian"]
[Black "Reps, Dirk"]
[Result "1-0"]
[Termination "normal"]
[Board "23"]
[WhiteElo "1992"]
[BlackElo "1665"]
[PlyCount "35"]
[WhiteFideId "24613886"]
[EventCountry "GER"]
[EventRounds "9"]
[EventType "swiss"]
[EventDate "2005.05.15"]

1. Nc3 d5 2. e4 dxe4 3. Nxe4 Nd7 4. Bc4 e6 5. d4 Ngf6 6. Ng3 c5 7. Nf3 Be7 8.
O-O O-O 9. c3 Qc7 10. Qe2 b6 11. Ne5 Bb7 12. Nxf7 Qc6 13. d5 exd5 14. Bb5 Qc7
15. Ng5 Rfe8 16. Qe6+ Kh8 17. Nf7+ Kg8 18. Nh6+ 1-0

[Event "2. ODEM U25 2005"]
[Site "Willingen GER"]
[Date "2005.05.17"]
[Round "4"]
[White "Jähn, Michael"]
[Black "Tschlatscher, Thomas"]
[Result "1-0"]
[Termination "normal"]
[Board "24"]
[WhiteElo "1977"]
[BlackElo "1652"]
[PlyCount "73"]
[WhiteFideId "24623466"]
[BlackFideId "24635863"]
[EventCountry "GER"]
[EventRounds "9"]
[EventType "swiss"]
[EventDate "2005.05.15"]

1. d4 d5 2. Nf3 c5 3. c4 cxd4 4. Qxd4 Nf6 5. cxd5 Qxd5 6. Nc3 Qxd4 7. Nxd4 a6
8. g3 e5 9. Nb3 Nc6 10. Bg2 Bf5 11. O-O h6 12. Be3 Be7 13. Bc5 Rb8 14. Rac1
Bxc5 15. Nxc5 O-O 16. Nd5 Nxd5 17. Bxd5 Rfd8 18. Bxc6 bxc6 19. Nb3 Rd6 20. Rc5
Bh3 21. Rfc1 Rbd8 22. f3 Rd1+ 23. Kf2 Rxc1 24. Rxc1 Rc8 25. g4 h5 26. Kg3 hxg4
27. fxg4 Bxg4 28. Kxg4 g6 29. Rc5 f5+ 30. Kg5 Kf7 31. Rxe5 Rh8 32. Nd4 Rh5+ 33.
Kf4 c5 34. Rxc5 g5+ 35. Ke5 f4 36. Rc7+ Kg6 37. Nf5 1-0

[Event "2. ODEM U25 2005"]
[Site "Willingen GER"]
[Date "2005.05.17"]
[Round "4"]
[White "Schwenke, Vincent"]
[Black "Katte, Nicolas"]
[Result "1-0"]
[Termination "normal"]
[Board "25"]
[WhiteElo "1711"]
[BlackElo "1946"]
[PlyCount "51"]
[WhiteFideId "24620467"]
[BlackFideId "24614149"]
[EventCountry "GER"]
[EventRounds "9"]
[EventType "swiss"]
[EventDate "2005.05.15"]

1. e4 e5 2. f4 exf4 3. Nf3 d6 4. d4 g5 5. Bc4 Bg7 6. O-O Bg4 7. c3 h6 8. Qb3 b6
9. Bxf7+ Kf8 10. Nh4 gxh4 11. Rxf4 Nf6 12. e5 dxe5 13. dxe5 Qe7 14. exf6 Bxf6
15. Bg6 Rg8 16. Rxf6+ Qxf6 17. Bxh6+ Rg7 18. Qb4+ Kg8 19. Bxg7 Kxg7 20. Qxg4
Qxg6 21. Qxh4 Nc6 22. Nd2 Rh8 23. Qe4 Qd6 24. Qg4+ Kf7 25. Rf1+ Ke7 26. Qg7+
1-0

[Event "2. ODEM U25 2005"]
[Site "Willingen GER"]
[Date "2005.05.17"]
[Round "4"]
[White "Koksch, Florian"]
[Black "Jorczik, Andreas"]
[Result "0-1"]
[Termination "normal"]
[Board "26"]
[WhiteElo "1899"]
[BlackElo "1329"]
[PlyCount "135"]
[WhiteFideId "24613584"]
[BlackFideId "24634921"]
[EventCountry "GER"]
[EventRounds "9"]
[EventType "swiss"]
[EventDate "2005.05.15"]

1. e4 c5 2. Nf3 e6 3. d4 cxd4 4. Nxd4 Nf6 5. Nc3 Bb4 6. Ndb5 Qb6 7. a3 Nxe4 8.
Be3 Bxc3+ 9. Nxc3 Nxc3 10. bxc3 Qc7 11. c4 b6 12. Bd3 Bb7 13. O-O Nc6 14. Qg4
O-O-O 15. Rfb1 Ne5 16. Qe2 Nxd3 17. cxd3 d6 18. a4 Kd7 19. a5 bxa5 20. Bxa7 Ra8
21. Bb6 Qc6 22. f3 Rhb8 23. Rxa5 Rxa5 24. Bxa5 Qc5+ 25. Kf1 Qxa5 26. Qb2 Qf5
27. Kg1 Qxd3 28. Qb5+ Ke7 29. Qg5+ Kf8 30. Rxb7 Qd4+ 31. Kf1 Qxc4+ 32. Kf2 Qd4+
33. Kf1 Re8 34. Qh5 Qd3+ 35. Kf2 Qg6 36. Qb5 Qc2+ 37. Kf1 Qc1+ 38. Ke2 Qc2+ 39.
Kf1 Ra8 40. Rb8+ Rxb8 41. Qxb8+ Ke7 42. Qa7+ Kf6 43. Qd4+ Ke7 44. Qa7+ Ke8 45.
Qa8+ Kd7 46. Qa7+ Qc7 47. Qa4+ Qc6 48. Qa7+ Ke8 49. Qb8+ Ke7 50. Qa7+ Qd7 51.
Qd4 Qb5+ 52. Ke1 Qa5+ 53. Kd1 Qd5 54. Qxd5 exd5 55. Kd2 Ke6 56. Kd3 Ke5 57. Ke3
d4+ 58. Kd3 Kd5 59. f4 f5 60. h3 h5 61. g3 g6 62. h4 Kc5 63. Kd2 Kc4 64. Kc2
d3+ 65. Kd2 Kd4 66. Kd1 Ke3 67. Ke1 d2+ 68. Kd1 0-1

[Event "2. ODEM U25 2005"]
[Site "Willingen GER"]
[Date "2005.05.17"]
[Round "4"]
[White "Winter, Christopher"]
[Black "Simon, Eric"]
[Result "0-1"]
[Termination "normal"]
[Board "27"]
[WhiteElo "1553"]
[BlackElo "1896"]
[PlyCount "92"]
[EventCountry "GER"]
[EventRounds "9"]
[EventType "swiss"]
[EventDate "2005.05.15"]

1. d4 d6 2. c4 e5 3. dxe5 dxe5 4. Qxd8+ Kxd8 5. Nc3 c6 6. Nf3 f6 7. e4 Kc7 8.
a3 a5 9. Be3 Be6 10. Be2 Nd7 11. O-O Nh6 12. h3 Be7 13. Rab1 Nf7 14. b4 axb4
15. axb4 Ra3 16. Rfc1 Bd6 17. b5 Bc5 18. Nd5+ Bxd5 19. Bxc5 Nxc5 20. cxd5 Nxe4
21. dxc6 b6 22. Rd1 Nfd6 23. Rb2 Nc3 24. Rdd2 Nxe2+ 25. Rxe2 Ra5 26. Nxe5 fxe5
27. Rxe5 Re8 28. Rd5 Ra4 29. f3 Rd8 30. Re5 Re8 31. Rd5 Re7 32. Rbd2 Re6 33.
Kh2 Rb4 34. Rh5 Rxb5 35. Rxh7 Re7 36. h4 Kxc6 37. h5 Rc5 38. g4 Nc4 39. Ra2 Rd7
40. f4 Ne3 41. Kg3 Nd5 42. g5 Rc1 43. h6 gxh6 44. g6 Rg1+ 45. Rg2 Rxg2+ 46.
Kxg2 Nxf4+ 0-1

[Event "2. ODEM U25 2005"]
[Site "Willingen GER"]
[Date "2005.05.17"]
[Round "4"]
[White "Klebanov, Andrej"]
[Black "Linsenmeyer, Mario"]
[Result "0-1"]
[Termination "normal"]
[Board "28"]
[WhiteElo "1587"]
[BlackElo "1850"]
[PlyCount "118"]
[WhiteFideId "24669989"]
[BlackFideId "24635138"]
[EventCountry "GER"]
[EventRounds "9"]
[EventType "swiss"]
[EventDate "2005.05.15"]

1. d4 g6 2. c4 Bg7 3. e4 d6 4. Nc3 e5 5. d5 f5 6. exf5 gxf5 7. Qh5+ Kf8 8. Bd3
Qe8 9. Qxe8+ Kxe8 10. Bg5 Ne7 11. Nb5 Na6 12. O-O-O Bd7 13. Nc3 Ng6 14. f3 Nc5
15. Bc2 a5 16. Nge2 h6 17. Be3 Na6 18. g4 Ne7 19. gxf5 Nxf5 20. Bxf5 Bxf5 21.
Rhg1 Kf7 22. Ng3 Bd7 23. Nh5 Rag8 24. Nxg7 Rxg7 25. Rxg7+ Kxg7 26. Rg1+ Kf7 27.
Kd2 Be8 28. Ne4 Nb8 29. c5 Ke7 30. cxd6+ cxd6 31. Rg7+ Bf7 32. Nxd6 Kxd6 33.
Rxf7 Kxd5 34. Rxb7 Nc6 35. Rg7 Rb8 36. b3 a4 37. Kc3 axb3 38. axb3 Rf8 39. Rg3
h5 40. b4 Rb8 41. Bc5 Ra8 42. Kb3 Nd4+ 43. Kb2 Rb8 44. Rh3 Ne6 45. Kc3 Nf4 46.
Rh4 Ra8 47. Kb3 Ra1 48. Be3 Ng2 49. Re4 Rf1 50. Rc4 Nxe3 51. Rh4 Rxf3 52. Rxh5
Ng4+ 53. Ka4 Rf4 54. Ka5 Nf6 55. Rh8 e4 56. b5 e3 57. Rd8+ Kc4 58. Rd1 e2 59.
Re1 Rf1 0-1

[Event "2. ODEM U25 2005"]
[Site "Willingen GER"]
[Date "2005.05.17"]
[Round "4"]
[White "Neldner, Uta"]
[Black "Lobe, Sandra"]
[Result "1/2-1/2"]
[Termination "normal"]
[Board "29"]
[WhiteElo "1830"]
[BlackElo "1626"]
[PlyCount "26"]
[WhiteFideId "24604070"]
[EventCountry "GER"]
[EventRounds "9"]
[EventType "swiss"]
[EventDate "2005.05.15"]

1. e4 d6 2. d4 Nf6 3. Nc3 Nbd7 4. h3 e5 5. Be3 c6 6. a4 Qa5 7. Bd3 d5 8. Bd2
Qb6 9. a5 Qc7 10. Nf3 dxe4 11. Nxe4 Nxe4 12. Bxe4 exd4 13. Nxd4 Nc5 1/2-1/2

[Event "2. ODEM U25 2005"]
[Site "Willingen GER"]
[Date "2005.05.17"]
[Round "4"]
[White "Kyas, Marcel"]
[Black "Rosenblatt, Marcus"]
[Result "0-1"]
[Termination "normal"]
[Board "30"]
[WhiteElo "1518"]
[BlackElo "1852"]
[PlyCount "72"]
[WhiteFideId "24642037"]
[BlackFideId "24627453"]
[EventCountry "GER"]
[EventRounds "9"]
[EventType "swiss"]
[EventDate "2005.05.15"]

1. d4 Nf6 2. c4 g6 3. Nc3 Bg7 4. Bf4 d6 5. Nf3 O-O 6. e3 Nbd7 7. Be2 Nh5 8. Bg3
c5 9. Qd2 a6 10. O-O Nxg3 11. hxg3 b6 12. d5 Rb8 13. a4 Nf6 14. e4 Ne8 15. Ne1
Nc7 16. Rb1 Bd7 17. b3 f5 18. exf5 Bxf5 19. Bd3 Bd7 20. Nc2 b5 21. axb5 axb5
22. Rfe1 b4 23. Ne4 Ra8 24. Qe3 Bf5 25. Ng5 Bxd3 26. Qxd3 Ra2 27. Qe4 Rf5 28.
Ne6 Nxe6 29. Qxe6+ Kh8 30. Qe4 Qf8 31. f3 Rxc2 32. Qxc2 Bd4+ 33. Kf1 Rxf3+ 34.
Ke2 Rf2+ 35. Kd1 Rxc2 36. Kxc2 Qf2+ 0-1